The Girl with Red Hair / (Record no. 4856)

MARC details
000 -LEADER
fixed length control field 01093nam a22003017a 4500
001 - CONTROL NUMBER
control field 4856
003 - CONTROL NUMBER IDENTIFIER
control field FISKH
005 - DATE AND TIME OF LATEST TRANSACTION
control field 20260326082104.0
008 - FIXED-LENGTH DATA ELEMENTS--GENERAL INFORMATION
fixed length control field 241018b cb ||||| |||| 00| 0 eng d
020 ## - INTERNATIONAL STANDARD BOOK NUMBER
International Standard Book Number 9780194234351
040 ## - CATALOGING SOURCE
Original cataloging agency FISKH
Language of cataloging eng
Transcribing agency FISKH
Modifying agency FISKH
050 ## - LIBRARY OF CONGRESS CALL NUMBER
Classification number PE1128
082 ## - DEWEY DECIMAL CLASSIFICATION NUMBER
Classification number 428.6
100 ## - MAIN ENTRY--PERSONAL NAME
Personal name Lindop, Christine
245 ## - TITLE STATEMENT
Title The Girl with Red Hair /
Statement of responsibility, etc. by Christine Lindop
250 ## - EDITION STATEMENT
Edition statement First published 2009
260 ## - PUBLICATION, DISTRIBUTION, ETC.
Place of publication, distribution, etc. New York :
Name of publisher, distributor, etc. Oxford University Press ;
Date of publication, distribution, etc. 2009 .
300 ## - PHYSICAL DESCRIPTION
Extent 40 pages :
Other physical details color illustrations ;
Dimensions 21 cm .
490 ## - SERIES STATEMENT
Series statement Oxford Bookworm
Volume/sequential designation Starter
505 ## - FORMATTED CONTENTS NOTE
Formatted contents note F <br/>
520 ## - SUMMARY, ETC.
Summary, etc. Reading a complete story in English gives students a great sense of achievement -- and encourages them to read more. The Oxford Bookworms Library offers a variety of titles. The books are graded at six vocabulary levels ranging from 250 words (Starter) to 2,500 (Advanced).
521 8# - TARGET AUDIENCE NOTE
Target audience note 300 <br/>
Source Lexile <br/>
521 8# - TARGET AUDIENCE NOTE
Target audience note F <br/>
Source Raz-Plus <br/>
650 ## - SUBJECT ADDED ENTRY--TOPICAL TERM
Topical term or geographic name entry element drama
Form subdivision Romance
700 ## - ADDED ENTRY--PERSONAL NAME
Personal name Vicent, Matt
Relator term illustrator
942 ## - ADDED ENTRY ELEMENTS (KOHA)
Source of classification or shelving scheme Dewey Decimal Classification
Koha item type Books
Suppress in OPAC No
Holdings
Withdrawn status Lost status Source of classification or shelving scheme Damaged status Not for loan Collection Home library Current library Shelving location Date acquired Total Checkouts Full call number Barcode Date last seen Date last checked out Copy number Price effective from Koha item type
    Dewey Decimal Classification     Juvenile Fiction Footprints International School Library Network Toul Tom Poung Campus Footprints International School Library Network Toul Tom Poung Campus TTP Primary Green Bookshelves 10/18/2024 1 LIN 428.6 PE1128 FIS00281 03/26/2026 03/19/2026 1 10/18/2024 Books